MARC details
| 000 -LEADER |
| fixed length control field |
02274cam a2200505 i 4500 |
| 001 - CONTROL NUMBER |
| control field |
21416724 |
| 005 - DATE AND TIME OF LATEST TRANSACTION |
| control field |
20220304152233.0 |
| 008 - FIXED-LENGTH DATA ELEMENTS--GENERAL INFORMATION |
| fixed length control field |
200204s2020 enk b 001 0 eng |
| 010 ## - LIBRARY OF CONGRESS CONTROL NUMBER |
| LC control number |
2020005433 |
| 020 ## - INTERNATIONAL STANDARD BOOK NUMBER |
| International Standard Book Number |
9781509534500 |
| 020 ## - INTERNATIONAL STANDARD BOOK NUMBER |
| International Standard Book Number |
9781509534517 |
| 020 ## - INTERNATIONAL STANDARD BOOK NUMBER |
| Canceled/invalid ISBN |
9781509534524 |
| 040 ## - CATALOGING SOURCE |
| Original cataloging agency |
DLC |
| Language of cataloging |
eng |
| Transcribing agency |
DLC |
| Description conventions |
rda |
| Modifying agency |
DLC |
| 041 1# - LANGUAGE CODE |
| Language code of text/sound track or separate title |
eng |
| Language code of original |
fre |
| 042 ## - AUTHENTICATION CODE |
| Authentication code |
pcc |
| 043 ## - GEOGRAPHIC AREA CODE |
| Geographic area code |
e-fr--- |
| 050 00 - LIBRARY OF CONGRESS CALL NUMBER |
| Classification number |
B2430.R554 |
| Item number |
A513 2020 |
| 082 00 - DEWEY DECIMAL CLASSIFICATION NUMBER |
| Classification number |
DC 194 |
| Edition number |
2020 |
| Item number |
P549 |
| 100 1# - MAIN ENTRY--PERSONAL NAME |
| Personal name |
Ricœur, Paul, |
| Relator term |
author. |
| 9 (RLIN) |
44526 |
| 240 10 - UNIFORM TITLE |
| Uniform title |
Philosophie, éthique et politique. |
| Language of a work |
English |
| 245 10 - TITLE STATEMENT |
| Title |
Philosophy, ethics and politics / |
| Statement of responsibility, etc. |
Paul Ricoeur ; edited by Catherine Goldenstein ; translated by Kathleen Blamey. |
| 250 ## - EDITION STATEMENT |
| Edition statement |
English Edition. |
| 260 ## - PUBLICATION, DISTRIBUTION, ETC. (IMPRINT) |
| Place of publication, distribution, etc. |
Cambridge : |
| Name of publisher, distributor, etc. |
Polity Press : |
| Date of publication, distribution, etc. |
©2020. |
| 300 ## - PHYSICAL DESCRIPTION |
| Extent |
xi, 171 pages ; |
| Dimensions |
23 cm |
| 500 ## - GENERAL NOTE |
| General note |
"Originally published in French as Philosophie, éthique et politique: Entretiens et dialogues. Textes prepares et présentés par Catherine Goldenstein. Préface de Michaël Fœssel Editions du Seuil, 2017." |
| 504 ## - BIBLIOGRAPHY, ETC. NOTE |
| Bibliography, etc |
Includes bibliographical references and index. |
| 520 ## - SUMMARY, ETC. |
| Summary, etc. |
"One of leading philosophers of the twentieth century addresses some of the central questions of political philosophy and ethics"-- |
| 600 10 - SUBJECT ADDED ENTRY--PERSONAL NAME |
| Personal name |
Ricœur, Paul |
| Form subdivision |
Interviews. |
| 9 (RLIN) |
44527 |
| 600 16 - SUBJECT ADDED ENTRY--PERSONAL NAME |
| Personal name |
Ricœur, Paul |
| Form subdivision |
Entretiens. |
| 9 (RLIN) |
44528 |
| 600 17 - SUBJECT ADDED ENTRY--PERSONAL NAME |
| Personal name |
Ricœur, Paul. |
| Source of heading or term |
fast |
| 9 (RLIN) |
44526 |
| 650 #0 - SUBJECT ADDED ENTRY--TOPICAL TERM |
| Topical term or geographic name as entry element |
Philosophers |
| Geographic subdivision |
France |
| Form subdivision |
Interviews. |
| 9 (RLIN) |
44529 |
| 650 #0 - SUBJECT ADDED ENTRY--TOPICAL TERM |
| Topical term or geographic name as entry element |
Political science |
| General subdivision |
Philosophy. |
| 9 (RLIN) |
44530 |
| 650 #6 - SUBJECT ADDED ENTRY--TOPICAL TERM |
| Topical term or geographic name as entry element |
Philosophes |
| Geographic subdivision |
France |
| Form subdivision |
Entretiens. |
| 9 (RLIN) |
44531 |
| 650 #6 - SUBJECT ADDED ENTRY--TOPICAL TERM |
| Topical term or geographic name as entry element |
Science politique |
| General subdivision |
Philosophie. |
| 9 (RLIN) |
44532 |
| 650 #7 - SUBJECT ADDED ENTRY--TOPICAL TERM |
| Topical term or geographic name as entry element |
Philosophers. |
| Source of heading or term |
fast |
| 9 (RLIN) |
44533 |
| 650 #7 - SUBJECT ADDED ENTRY--TOPICAL TERM |
| Topical term or geographic name as entry element |
Political science |
| General subdivision |
Philosophy. |
| Source of heading or term |
fast |
| 9 (RLIN) |
44530 |
| 651 #7 - SUBJECT ADDED ENTRY--GEOGRAPHIC NAME |
| Geographic name |
France. |
| Source of heading or term |
fast |
| 9 (RLIN) |
44534 |
| 655 #7 - INDEX TERM--GENRE/FORM |
| Genre/form data or focus term |
Interviews. |
| Source of term |
fast |
| -- |
44535 |
| 700 1# - ADDED ENTRY--PERSONAL NAME |
| Personal name |
Goldenstein, Catherine, |
| Relator term |
editor. |
| 9 (RLIN) |
44536 |
| 700 1# - ADDED ENTRY--PERSONAL NAME |
| Personal name |
Blamey, Kathleen, |
| Relator term |
translator. |
| 9 (RLIN) |
44537 |
| 776 08 - ADDITIONAL PHYSICAL FORM ENTRY |
| Relationship information |
Online version: |
| Main entry heading |
Ricoeur, Paul, |
| Title |
Philosophy, ethics and politics |
| Place, publisher, and date of publication |
Cambridge, UK ; Medford, MA, USA : Polity, 2020. |
| International Standard Book Number |
9781509534524 |
| Record control number |
(DLC) 2020005434 |
| 906 ## - LOCAL DATA ELEMENT F, LDF (RLIN) |
| a |
7 |
| b |
cbc |
| c |
orignew |
| d |
1 |
| e |
ecip |
| f |
20 |
| g |
y-gencatlg |
| 942 ## - ADDED ENTRY ELEMENTS (KOHA) |
| Source of classification or shelving scheme |
Dewey Decimal Classification |
| Koha item type |
Circulation |